000 00805nam a22002057a 4500
999 _c196137
_d196137
005 20230711104705.0
010 _aB-754244-258 CHEN 25.5.23
020 _a9788131937020
_c550.00
035 _aB-754244-258
037 _bB.Jain Publishers (P) Ltd.
082 _a230
100 _aGupta,Sudha
245 _aRamayana for Children /
_cby Sudha Gupta
260 _aNoida, U.P.
_bB.Jain Publishers (P) Ltd.
_c202?
270 _aD-157, Sector 63, Noida
_bU.P.
_e201307
300 _a192p.
_bcol.ill
_c24cm(Hb)
490 _aCollector's Edition
942 _2ddc
_cCH
_mGUP
_h230